UM Logo

Kakayahan Sa Pagbasa na may Pang-unawa ng mga Mga-aaral sa Ikasampung taon ng Bato National High School- Bato Sta. Cruz, Davao del Sur Taong 2016-2017. (Record no. 6371)

MARC details
000 -LEADER
fixed length control field 00661nam a22001577a 4500
008 - FIXED-LENGTH DATA ELEMENTS--GENERAL INFORMATION
fixed length control field 170309b xxu||||| |||| 00| 0 eng d
082 ## - DEWEY DECIMAL CLASSIFICATION NUMBER
Edition number 2016
Classification number UT 0712
Item number B12
100 ## - MAIN ENTRY--PERSONAL NAME
9 (RLIN) 19176
Personal name Bacalso, Jeanette C.
245 ## - TITLE STATEMENT
Title Kakayahan Sa Pagbasa na may Pang-unawa ng mga Mga-aaral sa Ikasampung taon ng Bato National High School- Bato Sta. Cruz, Davao del Sur Taong 2016-2017.
Statement of responsibility, etc. Jeanette C. Bacalso, Josielyn H. Gemoya and Romeo Cadiz.
300 ## - PHYSICAL DESCRIPTION
Extent 57 pages;
Other physical details 29 cm.
650 #0 - SUBJECT ADDED ENTRY--TOPICAL TERM
9 (RLIN) 19177
Topical term or geographic name as entry element Education
Form subdivision Filipino
General subdivision Undergraduate Thesis.
700 ## - ADDED ENTRY--PERSONAL NAME
9 (RLIN) 19178
Personal name Bacalso, Jeanette C.
700 ## - ADDED ENTRY--PERSONAL NAME
9 (RLIN) 19179
Personal name Gemoya, Josielyn H.
700 ## - ADDED ENTRY--PERSONAL NAME
9 (RLIN) 19180
Personal name Cadiz, Romeo B.
942 ## - ADDED ENTRY ELEMENTS (KOHA)
Source of classification or shelving scheme Dewey Decimal Classification
Koha item type Undergraduate Thesis
Holdings
Withdrawn status Lost status Source of classification or shelving scheme Damaged status Not for loan Home library Current library Date acquired Total Checkouts Full call number Barcode Date last seen Copy number Price effective from Koha item type
    Dewey Decimal Classification     UM Digos College - LIC UM Digos College - LIC 11/07/2016   UT 0712 B12 2016 UT0712 03/09/2017 1 03/09/2017 Undergraduate Thesis
    Dewey Decimal Classification     UM Digos College - LIC UM Digos College - LIC 02/27/2017   UT 0761 B12 2016 UT0761 04/24/2017 2 04/24/2017 Undergraduate Thesis